| 000 | 01276nam a2200301 i 4500 | ||
|---|---|---|---|
| 001 | 12760 | ||
| 003 | ES-MaACL | ||
| 005 | 20230906150406.0 | ||
| 007 | t| | ||
| 008 | 900528s1988 sp bf |||| | spa j | ||
| 020 | _a84-00-06867-X | ||
| 080 | _a325.4(822.2)"15/16" | ||
| 080 | _a316.732(822.2)"15/16" | ||
| 080 | _a323.1(822.2)"15/16" | ||
| 100 | 1 |
_aCañedo-Argüelles Fábrega, Teresa. _934745 |
|
| 245 | 1 | 3 |
_aLa Provincia de Corrientes en los siglos XVI y XVII _b: un modelo de colonización en el alto Paraná / _cTeresa Cañedo-Argüelles Fábrega. |
| 260 |
_aMadrid : _bCentro de Estudios Históricos, Departamento de Historia de América, _c1988. |
||
| 300 |
_a257 p., [12] h. de lám. col. : _bmap. ; _c25 cm. |
||
| 490 | 1 |
_aColección Tierra nueva e cielo nuevo ; _v24 |
|
| 504 | _aBibliografía: p. 251-257. | ||
| 650 | 1 | 4 |
_aAculturación- _zCorrientes (Argentina, Provincia)- _vHistoria. _9169429 |
| 650 | 1 | 4 |
_aRelaciones étnicas- _zCorrientes (Argentina, Provincia)- _vHistoria. _9169430 |
| 651 | 4 |
_aCorrientes (Argentina, Provincia)- _xColonización. _9169431 |
|
| 710 | 2 |
_aCentro de Estudios Históricos (1985-1999) _92639 |
|
| 830 | 0 |
_aColección Tierra nueva e cielo nuevo ; _v24 _9179366 |
|
| 852 |
_aES-MaACL _jL-19985 |
||
| 999 |
_c12760 _d12760 |
||